| 000 | 00886nam a2200301 a 4500 | ||
|---|---|---|---|
| 001 | 76414 | ||
| 003 | BD-RjUL | ||
| 005 | 20211209082835.0 | ||
| 008 | 191202s1962 n a b 001 0 eng d | ||
| 035 | _a(BD-RjUL)76635 | ||
| 040 |
_aBD-RjUL _beng _cBD-RjUL |
||
| 041 | _aeng | ||
| 049 |
_aCU _ll _m+ |
||
| 082 |
_223 _a658.8 _bTOP 1962 |
||
| 092 | _aD0501709938 | ||
| 100 | 1 | 0 |
_aTousley, Rayburn D _9235907 |
| 245 | 0 | 1 |
_aPrinciples of marketing / _cRayburn D Tousley; Eugene Clark; Fred E Clark |
| 260 |
_aNewyork : _bThe Macmillan Co. , _c1962 |
||
| 300 |
_axx, 716 p : _bill ; _c25 cm |
||
| 504 | _aIncludes bibliographical references and index | ||
| 650 | 0 |
_aMarketing _9235908 |
|
| 700 |
_aClark, Eugene _9235911 |
||
| 700 |
_aClark,; Fred E _9235912 |
||
| 942 |
_2ddc _cBK |
||
| 999 |
_c76414 _d76414 |
||